• 首页
  • 本馆介绍
  • 公告通知
  • 最新文献
  • 馆藏检索
  • 电子资源
  • 读者导购
  • 参考咨询
  • 我的图书馆
  • 登录
  • 详细信息显示
  • 放入我的书架
  • 预约/预借图书
  • 作者相关作品
  • 分类相关作品
  • 丛书相关作品
  • 出版社相关作品

书目信息

  • 表格格式
  • 工作单格式
  • 卡片格式
题名:
汉语惯用语词典
    
 
作者: 施宝义 编
分册:  
出版信息: 北京   外语教学与研究出版社  1985
页数: 523页
开本: 19cm
丛书名:
单 册:
中图分类: H136.4-61
科图分类:
主题词: 汉语--俗语--词典
电子资源:
ISBN:
000 00640nam0 2200229 45
001 0185012767
005 20050428143508.2
010    @dCNY4.95@b精装
091    @a9215.240
100    @a19951030d1985 em y0chiy0121 ea
101 0  @achi
102    @aCN@b110000
105    @ay z 000yy
200 10 @a汉语惯用语词典@Ahan yu guan yong yu ci dian@f施宝义等编@FShi Bao Yi Deng Bian
210    @a北京@c外语教学与研究出版社@d1985
215    @a523页@d19cm
606 0  @a汉语@x俗语@x词典
690    @aH136.4-61@v3
701  0 @a施宝义@4编
801  0 @aCN@b深圳图书馆@c20050415
801  2 @aCN@bNLC@c20050415
905    @dH136.4-61@e101@b153451@f1
    
    汉语惯用语词典/施宝义等编.-北京:外语教学与研究出版社,1985
    523页;19cm
    
    
    ISBN (精装):CNY4.95
    
●
相关链接 在E读中查询图书 在五车中查询图书 在当当中查询图书 在豆瓣中查询图书


正题名:汉语惯用语词典     索取号:H136.4-61/101         预约/预借

序号 登录号 条形码 馆藏地/架位号 状态 备注
1 0153449   002029842   密集书库/ [索取号:H136.4-61/101] 在馆    
2 0153450   002024954   工具书阅览室/ [索取号:H136.4-61/101] 在馆    
3 0153451   001560073   密集书库/ [索取号:H136.4-61/101] 在馆    
4 0153452   001560037   密集书库/ [索取号:H136.4-61/101] 在馆    
5 0153453   001560046   第二样本阅览室/ [索取号:H136.4-61/101] 在馆    
唐山师范学院图书馆 欢迎您!
大连网信软件有限公司© 版权所有